Česká suita. Op. 14 : pro husle a violoncello.

Uložené v:
Podrobná bibliografia
Hlavný autor: Zich, Otakar, 1879-1934
Médium: Hudobnina
Jazyk:Slovak
Vydané: Praha : Hudební matice, 1950.
Fyzický popis: 11 strán + (1).
Tagy: Pridať tag
Žiadne tagy, Buďte prvý kto otaguje tento záznam!

MARC

LEADER 00000ncm a2200000#i#4500
001 000690708
005 20230117113634.0
008 230117s1950 xo e 000 0 slo d
020 |q (brožované)  |c Kčs 50,00 
040 |a SVKK  |b slo  |c SVKK  |e rda 
100 1 |a Zich, Otakar,  |d 1879-1934 
245 1 0 |a Česká suita. Op. 14 : pro husle a violoncello. 
264 1 |a Praha :  |b Hudební matice,  |c 1950. 
300 |a 11 strán + (1). 
336 |a zápis hudby  |b ntm  |2 rdacontent 
337 |a bez média  |b n  |2 rdamedia 
338 |a zväzok  |b nc  |2 rdacarrier 
500 |a Záznam revízie 
910 |a svkkk 
998 |a MU 
090 |g SCKHL  |k Sklad Pribinova 3. posch.  |a V.10089  |j 104335  |i 2720877319  |s Prezenčne